000 00657nam a2200217Ii 4500
001 16556
003 CO-ViMGA
008 241108s9999||||xx |||||||||||||| ||und||
020 _a9789583036156
040 _aCO-ViMGA
_bspa
_erda
_cCO-ViMGA
041 0 _aunk
084 _aC CHA8fa
100 1 _aClaire Chabot
_953982
245 1 0 _aFagot está tímido
264 1 _a[Lugar de publicación no identificado] : Panamericana, [Fecha de publicación no identificada]
300 _avolumen
336 _atext
_btxt
_2rdacontent
337 _aunmediated
_bn
_2rdamedia
338 _avolume
_bnc
_2rdacarrier
940 _aidficha_siabuc: 16225. -- ficha_no_siabuc:16556
999 _c50813
_d50813